Pluralizacija vlasništva i razvijanje modela tržišne privrede (tržišne demokracije).
Transformácia vlastníckych vzťahov ostáva rozhodujúcim činiteľom zefektívňovania hospodárstva i demokratizácie juhoslovanskej spoločnosti. Uvádza sa jedna z foriem reštrukturalizácie a sociálne hľadisko privatizácie. Navrhuje sa rozdeliť časť akcií zamestnancom - inak by proces privatizácie trval ni...
Salvato in:
| Autore principale: | |
|---|---|
| Natura: | Capitolo di libro |
| Lingua: | serbo |
| Soggetti: | |
| Tags: |
Nessun Tag, puoi essere il primo ad aggiungerne!!
|
MARC
| LEADER | 00000naa a2200000 4500 | ||
|---|---|---|---|
| 001 | r007463 | ||
| 005 | 20221125115105.9 | ||
| 041 | 0 | |a srp | |
| 044 | |a [YU] | ||
| 245 | 1 | 0 | |a Pluralizacija vlasništva i razvijanje modela tržišne privrede (tržišne demokracije). |c D. Vojnic |
| 520 | |a Transformácia vlastníckych vzťahov ostáva rozhodujúcim činiteľom zefektívňovania hospodárstva i demokratizácie juhoslovanskej spoločnosti. Uvádza sa jedna z foriem reštrukturalizácie a sociálne hľadisko privatizácie. Navrhuje sa rozdeliť časť akcií zamestnancom - inak by proces privatizácie trval niekoľko desaťročí. | ||
| 610 | 2 | 0 | |a vlastníctvo |
| 610 | 2 | 0 | |a privatizácia |
| 610 | 2 | 0 | |a hospodárstvo trhové |
| 610 | 2 | 0 | |a demokratizácia |
| 610 | 2 | 0 | |a zmeny štruktúrne |
| 610 | 2 | 0 | |a akcie |
| 610 | 2 | 0 | |a SFRJ |
| 100 | 1 | |a Vojnic, D. | |